Extremadura saqueada (Record no. 61312)

MARC details
000 -LEADER
campo de control de longitud fija 00933nam a2200265 i 4500
001 - NÚMERO DE CONTROL
campo de control 61312
003 - IDENTIFICADOR DE NÚMERO DE CONTROL
campo de control ES-MaACL
005 - FECHA Y HORA DE LA ÚLTIMA TRANSACCIÓN
campo de control 20250522194944.0
007 - CAMPO FIJO DE DESCRIPCIÓN FÍSICA--INFORMACIÓN GENERAL
campo de control de longitud fija t|
008 - DATOS DE LONGITUD FIJA--INFORMACIÓN GENERAL
campo de control de longitud fija 031111s1978 sp ||||1| spa d
020 ## - NÚMERO INTERNACIONAL ESTÁNDAR DEL LIBRO
Número Internacional Estándar del Libro 84-85361-08-3
245 00 - MENCIÓN DEL TÍTULO
Título Extremadura saqueada
Resto del título : recursos naturales y autonomía regional /
Mención de responsabilidad, etc. [coordinación, Mario Gaviria, José Manuel Naredo, Juan Serna].
260 ## - PUBLICACIÓN, DISTRIBUCIÓN, ETC.
Lugar de publicación, distribución, etc. [Barcelona] :
Nombre del editor, distribuidor, etc. Ruedo Ibérico,
Fecha de publicación, distribución, etc. [1978]
300 ## - DESCRIPCIÓN FÍSICA
Extensión XII, 647 p. ;
Dimensiones 24 cm.
650 #4 - PUNTO DE ACCESO ADICIONAL DE MATERIA--TÉRMINO DE MATERIA
Término de materia o nombre geográfico como elemento de entrada Recursos naturales-
Subdivisión geográfica Extremadura.
9 (RLIN) 171697
650 #4 - PUNTO DE ACCESO ADICIONAL DE MATERIA--TÉRMINO DE MATERIA
Término de materia o nombre geográfico como elemento de entrada Reforma agraria-
Subdivisión geográfica Extremadura.
9 (RLIN) 171698
651 #4 - PUNTO DE ACCESO ADICIONAL DE MATERIA--NOMBRE GEOGRÁFICO
Nombre geográfico Extremadura-
Subdivisión general Situación económica.
9 (RLIN) 171699
651 #4 - PUNTO DE ACCESO ADICIONAL DE MATERIA--NOMBRE GEOGRÁFICO
Nombre geográfico Extremadura-
Subdivisión general Situación social.
9 (RLIN) 171700
700 0# - ENTRADA AGREGADA--NOMBRE PERSONAL
Nombre de persona Gaviria, Mario.
9 (RLIN) 56091
700 1# - ENTRADA AGREGADA--NOMBRE PERSONAL
Nombre de persona Naredo, José Manuel
9 (RLIN) 84944
700 1# - ENTRADA AGREGADA--NOMBRE PERSONAL
Nombre de persona Serna, Juan.
9 (RLIN) 171701
710 2# - ENTRADA AGREGADA--NOMBRE DE ENTIDAD CORPORATIVA
Nombre de entidad corporativa o nombre de jurisdicción como elemento de entrada Éditions Ruedo ibérico.
9 (RLIN) 145333
852 ## - LOCALIZACIÓN
Ubicación ES-MaACL
Número de control de estantería A-10098
Holdings
Estatus retirado Estado de pérdida Estado de daño No para préstamo Biblioteca de origen Biblioteca actual Ubicación en estantería Fecha de adquisición Fuente de adquisición Total de préstamos Signatura topográfica completa Código de barras Visto por última vez Precio de reemplazo Tipo de ítem Koha
        Biblioteca del Ateneo de Madrid Biblioteca del Ateneo de Madrid Depósito 1 17/01/2008     A-10098 1064294 23/02/2023 23/02/2023 Libro impreso